000 00875nam a22002897a 4500
003 CHAP
005 20220329135542.0
008 971013s1963 r 00010 d
010 _a38379
011 _a39351
035 _a43471
040 _cCHAP
082 _a510.2
_bP4
100 0 0 _aPemberton, John E.
_986656
245 _aHow to find out in mathematics
260 _aLondon :
_bPergamon,
_c1963
300 _a158 p.
590 _aBATCH-UPD
_b10
_c20130110
_lUCH01
_h0037
590 _aBATCH-UPD
_b10
_c20130110
_lUCH01
_h2249
590 _aBATCH-UPD
_b10
_c20130409
_lUCH01
_h2021
590 _aBATCH-UPD
_b10
_c20130914
_lUCH01
_h1803
590 _aCONVERSION
_b10
_c20130109
_lUCH01
_h1321
650 1 4 _aMatemáticas
_xServicios de información.
_972910
901 _aBK
942 _cLIBRO
949 _a510.2 P4
_bBC
_cLIBRO
_d33724000412888
_eLIBRO
_h31146
_i43471
_si
_t31.25
999 _c38379
_d38379